00451nam a2200133Ia 4500008004100000041000800041082000800049100002200057245005700079250000600136260003800142999001700180952012000197221102s9999 xx 000 0 und d aeng bbai abai durga995131 aSultana's Dream begum rokheya Sakhawat hossain a1 bTara Books PVT. Ltdc1905-07-06 c82267d82267 001040708BAaBCASbBCASd2021-08-17l1oBAIpBCAS-B-854r2023-07-12 00:00:00s2023-06-22w2022-11-04yBKzB00854